01216aab a2200181 i 4500001001000000003001000010005001700020008004100037040003000078041000800108100002500116245011200141300007800253520055500331650001400886700002500900773010900925768714001CO-MdFUSB20250820153722.0221103s1997 ag ||||| |||| 00| 0 spa d bspacCO-MdFUSBdCO-MdFUSB aspa1 aStevens, Pauleautor13aEl propósito del liderazgo en la iglesia b: la liberación de los laicosc/ Paul Stevens , Phil Collins aVolumen 16, número 2 (abril - junio, 1997), páginas: 14 - 17c; 27 cm aEl presente artiuclo es un extracto de un libro sobre el liderazgo cristiano, publicado por el Alban Institute de Nueva York bajo el título The Equipping pastor. Los autores son profesores de Regent Collage, Vancouver, El mayor desafío que encaran los líderes es la tarea de capacitar a los "laicos" con el propósito de liberarlos para la misión. La preparación es esencialmente un ministerio relacional, no programático; esto involucra edificar al pueblo de Dios. La relación del líder con Dios es la matriz de su autoridad real. 0aLiderazgo1 aCollins, Phileautor0 tIglesia y Misión049402gVolumen 16, número 2 (abril - junio, 1997), páginas: 14-17qPáginas: 14